The road to inconceivable / (Record no. 1834)

MARC details
000 -LEADER
fixed length control field 00573nam a22002057a 4500
005 - DATE AND TIME OF LATEST TRANSACTION
control field 20260213123005.0
020 ## - INTERNATIONAL STANDARD BOOK NUMBER
International Standard Book Number 9781423100621
040 ## - CATALOGING SOURCE
Original cataloging agency FISKH
Language of cataloging eng
Transcribing agency FISKH
Modifying agency FISKH
050 ## - LIBRARY OF CONGRESS CALL NUMBER
Classification number PZ7.D3916
082 ## - DEWEY DECIMAL CLASSIFICATION NUMBER
Classification number 741.5
100 ## - MAIN ENTRY--PERSONAL NAME
Personal name DeMatteis, J.M.
245 ## - TITLE STATEMENT
Title The road to inconceivable /
Statement of responsibility, etc. by J.M. DeMatteis drawings by Mike Ploog colors by Nick Bell
260 ## - PUBLICATION, DISTRIBUTION, ETC.
Place of publication, distribution, etc. New York :
Name of publisher, distributor, etc. Hyperion Books,
Date of publication, distribution, etc. 2006
300 ## - PHYSICAL DESCRIPTION
Extent 242, 5 unnumbered pages :
Dimensions 22 cm.
505 ## - FORMATTED CONTENTS NOTE
Formatted contents note K
521 ## - TARGET AUDIENCE NOTE
Target audience note 610 <br/>
Source Lexile estimate
521 ## - TARGET AUDIENCE NOTE
Target audience note K <br/>
Source Raz-Plus
942 ## - ADDED ENTRY ELEMENTS (KOHA)
Source of classification or shelving scheme Dewey Decimal Classification
Koha item type Books
Suppress in OPAC No
999 ## -
-- 1834
-- 1834
Holdings
Withdrawn status Lost status Source of classification or shelving scheme Damaged status Not for loan Collection Home library Current library Shelving location Date acquired Total Checkouts Full call number Barcode Date last seen Copy number Price effective from Koha item type
    Dewey Decimal Classification     Juvenile Fiction Footprints International School Library Network Toul Kork Campus Footprints International School Library Network Toul Kork Campus   10/04/2023   DEM 741.5 PZ7.D3916 FISTK00040 10/04/2023 1 10/04/2023 Books
    Dewey Decimal Classification     Juvenile Fiction Footprints International School Library Network Toul Tom Poung Campus Footprints International School Library Network Toul Tom Poung Campus TTP Comic Books all Levels 02/13/2026   DEM 741.5 PZ7.D3916 FIS02801 02/13/2026 2 02/13/2026 Books